Name the Sonic Characters - Statistics

General Stats
  • This quiz has been taken 2,389 times
    2,381 since last reset
  • The average score is 8 of 11
Answer Stats
Description of the character Character % Correct
Main Character Sonic the hegdehog
100%
Sidekick of the above Miles "Tails" Prower
97%
Arch enemy of the main character Doctor Eggman
88%
Hedgehog created by the main character's arch enemy Shadow the Hedgehog
87%
A red being that has spiky fists. Knuckles the Echidna
86%
Robotic version of the main character Metal Sonic
86%
A female bat who works for the main characters arch enemy Rouge the Bat
79%
A Crocodile that is in charge of the above Vector the Crocodile
68%
A bee that wears a helmet Charmy Bee
67%
When the main character collects all of chaos emeralds Super Sonic
59%
The main character's arch enemy's first name Dr. Robotnik
33%
No matching quizzes found
Score Distribution
Percent of People with Each Score
Percentile by Number Answered
Your Score History
You have not taken this quiz since the last reset